Biblioteca

El hombre es un gran faisán en el mundo (Registro nro. 65975)

Detalles MARC
000 -LÍDER
Campo fijo de descripción fija 01725nam a2200337 i 4500
001 - NÚMERO DE CONTROL
Campo de control 768714001
003 - IDENTIFICADOR DEL NÚMERO DE CONTROL
Campo de control CO-MdFUSB
005 - FECHA Y HORA DE LA ULTIMA TRANSACCIÓN
control field 20220623062546.0
007 - CAMPO FIJO DE DESCRIPCIÓN FIJA--INFORMACIÓN GENERAL
Campo fijo de descripción fija ta
008 - ELEMENTOS DE LONGITUD FIJA -- INFORMACIÓN GENERAL
Campo fijo de descripción fija -- Información general 200602t2009 sp |||| |||| 00| 0 spa d
020 ## - NÚMERO INTERNACIONAL NORMALIZADO PARA LIBROS
Número Internacional Normalizado del libro 9788466324700
040 ## - FUENTE DE CATALOGACIÓN
Agencia de catalogación original CO-MdFUSB
Idioma de catalogación spa
Agencia que realiza la transcripción CO-MdFUSB
Agencia que realiza la modificación CO-MdFUSBC
Convenciones de la descripción rda
041 ## - CÓDIGO DE IDIOMA
Código de idioma para texto/pista de sonido o título separado spa
Código de idioma original ger
082 ## - NÚMERO DE CLASIFICACIÓN DECIMAL DEWEY
Número de la edición del Dewey 23
Número de clasificación 833.914
Clave de autor-Numero de item M685
100 ## - ASIENTO PRINCIPAL--NOMBRE PERSONAL
Término relacionador autor
240 ## - TITULO UNIFORME
Título uniforme <a href="Der mensch ist ein großer Fasan auf der welt.">Der mensch ist ein großer Fasan auf der welt.</a>
245 #3 - TÍTULO
Título del Material El hombre es un gran faisán en el mundo
Mención de responsabilidad, etc. / Herta Müller ; traducido por Juan José del Solar
264 #1 - PRODUCCIÓN, PUBLICACIÓN, DISTRIBUCIÓN, MANUFACTURA, Y COPYRIGHT
Lugar de producción, publicación, distribución, manufactura Madrid :
Nombre del productor, publicador, distribuidor Punto de lectura,
Fecha de producción, publicación, distribución, manufactura, o copyright [2009]
264 #4 - PRODUCCIÓN, PUBLICACIÓN, DISTRIBUCIÓN, MANUFACTURA, Y COPYRIGHT
Fecha de producción, publicación, distribución, manufactura, o copyright © 2009
300 ## - DESCRIPCIÓN FÍSICA
Extensión 140 páginas
Dimensiones ; 19 cm
336 ## - TIPO DE CONTENIDO
Fuente rdacontent
Término de tipo de contenido texto
Código de tipo de contenido txt
337 ## - TIPO DE MEDIO
Fuente rdamedia
Nombre del tipo de medio sin mediación
Código del tipo de medio n
338 ## - TIPO DE SOPORTE
Fuente rdacarrier
Nombre del tipo de soporte volumen
Código Tipo de soporte nc
520 ## - NOTA DE RESUMEN, ETC.
Nota de sumario, etc. El hombre es un gran faisán en el mundo es el perturbador retrato de la desintegración de una comunidad germánica asentada en una Rumanía rural, atrapada en una atmósfera opresiva de insólita dureza. Sus páginas vuelven a plasmar la intensa calidad literaria de Herta Müller, ya revelada en su libro de relatos En tierras bajas (Siruela, 1990 y 2007), que despertó un gran interés en la crítica dentro y fuera de Alemania. Con trazos rotundos y descarnados, Müller esboza la historia de un pueblo y sus habitantes, reflejando su desesperanza cotidiana, sus conflictos, supersticiones y sueños, en un relato transformado en poesía gracias a la viveza de sus imágenes, al ritmo y la modulación de su prosa.
653 ## - TÉRMINO DE INDIZACIÓN - NO CONTROLADO
Término no controlado Inmigrantes
653 ## - TÉRMINO DE INDIZACIÓN - NO CONTROLADO
Término no controlado Literatura alemana.
653 ## - TÉRMINO DE INDIZACIÓN - NO CONTROLADO
Término no controlado Novela alemana.
700 ## - ASIENTO SECUNDARIO - NOMBRE PERSONAL
Nombre personal Solar, Juan José del. ‎
Responsabilidad traductor
9 (RLIN) 4080
942 ## - TIPO DE MATERIAL (KOHA)
Tipo de Item KOHA Libros General
945 ## - INFORMACIÓN LOCAL DEL REGISTRO
Catalogador JTF-925
Existencias
Estado de Material Estado de Perdido Forma de Clasificación Estado de Dañado No para Préstamo Colección Biblioteca de Origen Biblioteca Permanente Fecha de Adquisición Forma de Adquisición Área Total de Préstamos Signatura Topográfica Código de Barras Última vez visto Ejemplar/Existencia Fecha de Remplazo Tipo de Material
    Dewey Decimal Classification     Colección General Biblioteca FUSBC Biblioteca FUSBC 02/06/2020 Donación Atiencia LITERATURA   G 833.914 M685h 1300 02/06/2020 Ej.1 02/06/2020 Libros General

Biblioteca FUSBC | Teléfono: (57+4) 349 88 10 Ext. 141| WhatsApp (+57) 3005338115 
E-mail: biblioteca@unisbc.edu.co | Calle 76 87-14 Robledo Palenque, Medellín, Colombia

Con tecnología Koha